| 000 | 00639cam a2200205 4500 | ||
|---|---|---|---|
| 001 | J102510 | ||
| 008 | 000000n1999 000 0 eng u | ||
| 035 | _a(Sirsi) u102510 | ||
| 110 |
_aInvestment Property Databank _92288 |
||
| 245 | _aOPD total occupancy cost code | ||
| 260 |
_aLondon _bInvestment Property Databank _c1999 |
||
| 300 | _av,26p. ; 30cm. | ||
| 350 | _a70.00 | ||
| 520 | _aProduced by the IPD Occupiers Property Databank. Includes worked example. | ||
| 650 | _aOCCUPIERS PROPERTY DATABANK | ||
| 650 | _aOCCUPANCY COSTS | ||
| 650 | _aCORPORATE PROPERTY | ||
| 690 | _aBUILT ENVIRONMENT-BUILDING COSTS | ||
| 942 | _n0 | ||
| 999 |
_c100056 _d100056 |
||